Countries With the Letter F - Statistics

General Stats
  • This quiz has been taken 70 times
  • The average score is 6 of 8
Answer Stats
Answer % Correct
Finland
98%
France
96%
Fiji
92%
Afghanistan
83%
Federated States of Micronesia
60%
Burkina Faso
52%
Central African Republic
48%
South Africa
46%
No matching quizzes found
Score Distribution
Percent of People with Each Score
Percentile by Number Answered
Your Score History
You have not taken this quiz